[Event "Asian Nations Cup w 2016"]
[Site "Abu Dhabi UAE"]
[Date "2016.04.05"]
[Round "9.4"]
[White "Guo, Qi"]
[Black "Al Maamari, Wafia Darwish"]
[Result "1-0"]
[WhiteTitle "IM"]
[BlackTitle "WCM"]
[WhiteElo "2435"]
[BlackElo "1491"]
[WhiteTeam "China"]
[BlackTeam "UAE - 1"]
[WhiteFideId "8604002"]
[BlackFideId "9305734"]
[EventDate "2016.03.28"]
[EventType "team"]

1. d4 Nf6 2. Bg5 d5 3. e3 g6 4. Bxf6 exf6 5. c4 Bg7 6. cxd5 Qxd5 7. Nc3 Qa5 8.
g3 O-O 9. Bg2 f5 10. Ne2 Nd7 11. O-O c6 12. a3 Nf6 13. b4 Qd8 14. b5 cxb5 15.
Nxb5 a6 16. Nbc3 Rb8 17. Qb3 Re8 18. Rac1 Ne4 19. Rfd1 b6 20. d5 Bb7 21. Nd4 Qd6
22. Nxe4 fxe4 23. Nc6 Bxc6 24. dxc6 Qe5 25. Bh3 Re7 26. Bd7 Qc7 27. Qb4 Bf8 28.
Qd6 Qxd6 29. Rxd6 Re5 30. Rdd1 Bxa3 31. c7 Rf8 32. c8=Q Rxc8 33. Rxc8+ Kg7 34.
Bc6 Bc5 35. Rd7 b5 36. Rcc7 b4 37. Rxf7+ Kg8 38. Rg7+ Kh8 39. Rxh7+ Kg8 40. Ba4
Bd6 41. Bb3+ Kf8 42. Rh8# 1-0

[Event "Asian Nations Cup w 2016"]
[Site "Abu Dhabi UAE"]
[Date "2016.04.05"]
[Round "9.1"]
[White "Harika, Dronavalli"]
[Black "Khademalsharieh, Sarasadat"]
[Result "1/2-1/2"]
[WhiteTitle "GM"]
[BlackTitle "IM"]
[WhiteElo "2515"]
[BlackElo "2450"]
[WhiteTeam "India"]
[BlackTeam "Iran"]
[WhiteFideId "5015197"]
[BlackFideId "12512214"]
[EventDate "2016.03.28"]
[EventType "team"]

1. Nf3 Nf6 2. g3 b6 3. Bg2 Bb7 4. O-O e6 5. b3 Be7 6. Bb2 O-O 7. c4 d5 8. e3 c5
9. Nc3 dxc4 10. bxc4 Nc6 11. Qe2 Qc8 12. Ne1 Na5 13. f4 Rd8 14. Rd1 Bxg2 15.
Nxg2 Qd7 16. d3 a6 17. a4 Rac8 18. g4 Rc6 19. g5 Ne8 20. Ne4 Nd6 21. Ng3 Nf5 22.
Be5 Bd6 23. Bc3 Be7 24. Be5 Bd6 25. Bc3 Be7 26. Ne4 Nd6 27. Nd2 Nf5 28. Ne4 Nd6
29. Nd2 Nf5 30. Ne4 1/2-1/2

[Event "Asian Nations Cup w 2016"]
[Site "Abu Dhabi UAE"]
[Date "2016.04.05"]
[Round "9.2"]
[White "Pourkashiyan, Atousa"]
[Black "Padmini, Rout"]
[Result "1/2-1/2"]
[WhiteTitle "WGM"]
[BlackTitle "IM"]
[WhiteElo "2372"]
[BlackElo "2439"]
[WhiteTeam "Iran"]
[BlackTeam "India"]
[WhiteFideId "12502014"]
[BlackFideId "5029295"]
[EventDate "2016.03.28"]
[EventType "team"]

1. e4 c5 2. Nf3 e6 3. d4 cxd4 4. Nxd4 Nc6 5. Nc3 Qc7 6. Be3 a6 7. Be2 b5 8. O-O
Bb7 9. f4 Bc5 10. Qd3 Nxd4 11. Bxd4 Ne7 12. Kh1 Bxd4 13. Qxd4 O-O 14. a4 Nc6 15.
Qd2 b4 16. Na2 a5 17. Rad1 Rfd8 18. Qd6 Qxd6 19. Rxd6 Ne7 20. Bd3 Bc6 21. b3 f5
22. Re1 Kf7 23. c4 g6 24. Nc1 Ng8 25. e5 Nh6 26. Be2 Ke7 27. Bf3 Bxf3 28. gxf3
Nf7 29. Rd4 Rac8 30. Nd3 Rc6 31. c5 Rdc8 32. Rd1 R8c7 33. Kg2 Nd8 34. Rc4 Nb7
35. Rdc1 Rc8 36. Kf2 R6c7 37. h4 Kf7 38. Rd4 Nd8 39. Ke3 Nb7 40. Rdc4 Ke8 41.
R4c2 Kf7 42. Rd2 h5 43. Rdc2 Nd8 44. Nb2 Kg7 45. Rd2 Nb7 46. Nd3 Kf7 47. Rdc2
Ke7 48. Kd4 Kf7 49. Ke3 Ke7 50. Kd4 Kf7 51. Nb2 Kg7 52. Nd3 1/2-1/2

[Event "Asian Nations Cup w 2016"]
[Site "Abu Dhabi UAE"]
[Date "2016.04.05"]
[Round "9.3"]
[White "Soumya, Swaminathan"]
[Black "Hejazipour, Mitra"]
[Result "0-1"]
[WhiteTitle "WGM"]
[BlackTitle "WGM"]
[WhiteElo "2384"]
[BlackElo "2332"]
[WhiteTeam "India"]
[BlackTeam "Iran"]
[WhiteFideId "5016193"]
[BlackFideId "12505951"]
[EventDate "2016.03.28"]
[EventType "team"]

1. e4 c5 2. Nf3 d6 3. d4 cxd4 4. Nxd4 Nf6 5. Nc3 a6 6. Bg5 e6 7. f4 Be7 8. Qf3
Qc7 9. O-O-O Nbd7 10. g4 b5 11. Bxf6 Nxf6 12. g5 Nd7 13. f5 O-O 14. Qg3 b4 15.
f6 bxc3 16. fxe7 cxb2+ 17. Kb1 Re8 18. Rd3 Nc5 19. Rc3 Qxe7 20. Bg2 e5 21. Nf5
Bxf5 22. exf5 e4 23. Rd1 Rad8 24. f6 Qe5 25. fxg7 e3 26. Qxe5 Rxe5 27. h4 Kxg7
28. Re1 Rde8 29. Rc4 Rf5 30. Kxb2 Rf2 31. Bf1 e2 32. Bh3 Re3 33. Bg4 Ne4 34. Rd4
h6 35. Rd3 Rxd3 36. cxd3 Ng3 37. Kc3 hxg5 38. hxg5 Kg6 39. Bc8 a5 40. Kd2 Kxg5
41. Ba6 Kf4 0-1

[Event "Asian Nations Cup w 2016"]
[Site "Abu Dhabi UAE"]
[Date "2016.04.05"]
[Round "9.4"]
[White "Zahedifar, Anahita"]
[Black "Kulkarni, Bhakti"]
[Result "0-1"]
[WhiteTitle "WFM"]
[BlackTitle "CM"]
[WhiteElo "2112"]
[BlackElo "2284"]
[WhiteTeam "Iran"]
[BlackTeam "India"]
[WhiteFideId "12560715"]
[BlackFideId "5019516"]
[EventDate "2016.03.28"]
[EventType "team"]

1. d4 d6 2. c4 e5 3. Nf3 e4 4. Ng1 f5 5. Nc3 c6 6. e3 Nf6 7. Nh3 Na6 8. Nf4 g6
9. Be2 Bg7 10. h4 Bh6 11. g3 Nc7 12. Qb3 O-O 13. Bd2 d5 14. cxd5 cxd5 15. Nb5
Nxb5 16. Bxb5 Rf7 17. O-O-O Bxf4 18. gxf4 Ng4 19. Rdf1 h5 20. Kb1 a5 21. Be2 b5
22. Bxg4 fxg4 23. Qxb5 Ba6 24. Qc6 Rf6 25. Qc5 Bd3+ 26. Ka1 Bxf1 27. Rxf1 Rf7
28. Qc6 Kg7 29. Rc1 Raa7 30. Qe6 Qxh4 31. Rc8 Qe7 32. Qxd5 h4 33. Qb5 Rb7 34.
Qxa5 h3 35. Qa8 h2 36. Rh8 Rf8 0-1

[Event "Asian Nations Cup w 2016"]
[Site "Abu Dhabi UAE"]
[Date "2016.04.05"]
[Round "9.1"]
[White "Nomin-Erdene, Davaademberel"]
[Black "Al-Harmoudi, Mona"]
[Result "1-0"]
[WhiteTitle "IM"]
[BlackTitle "WIM"]
[WhiteElo "2489"]
[BlackElo "1694"]
[WhiteTeam "Mongolia"]
[BlackTeam "UAE - 2"]
[WhiteFideId "4900782"]
[BlackFideId "9301631"]
[EventDate "2016.03.28"]
[EventType "team"]

1. e4 c5 2. Nf3 Nc6 3. d4 cxd4 4. Nxd4 g6 5. c4 Nf6 6. Nc3 Nxd4 7. Qxd4 d6 8.
Be2 Bg7 9. O-O O-O 10. Qd3 a5 11. Rd1 Be6 12. Rb1 Nd7 13. Qc2 Qc7 14. b3 Nc5 15.
Bb2 Qd7 16. f4 Ra6 17. a3 Rd8 18. Nb5 Bxb2 19. Rxb2 Bg4 20. e5 Bf5 21. Qc1 Qc6
22. Qe3 Qe4 23. Qf2 Rd7 24. Rd5 Ne6 25. g3 Bh3 26. Bd3 1-0

[Event "Asian Nations Cup w 2016"]
[Site "Abu Dhabi UAE"]
[Date "2016.04.05"]
[Round "9.2"]
[White "Shaikha, Abdallah Aldhaheri"]
[Black "Munguntuul, Batkhuyag"]
[Result "0-1"]
[BlackTitle "IM"]
[WhiteElo "1587"]
[BlackElo "2444"]
[WhiteTeam "UAE - 2"]
[BlackTeam "Mongolia"]
[WhiteFideId "9305343"]
[BlackFideId "4900758"]
[EventDate "2016.03.28"]
[EventType "team"]

1. d4 Nf6 2. Nf3 b6 3. c4 Bb7 4. g3 d6 5. Bg2 Nbd7 6. O-O e5 7. Nc3 Be7 8. Qc2
O-O 9. dxe5 dxe5 10. e4 c6 11. b3 Qc7 12. Bb2 Rfe8 13. Rad1 Bf8 14. Rfe1 a5 15.
Qc1 Nc5 16. h3 Rad8 17. Bf1 Nfd7 18. Bd3 Nxd3 19. Rxd3 Nc5 20. Rxd8 Rxd8 21. Rd1
f6 22. Ne1 Bc8 23. Kg2 Rd4 24. Nf3 Rd7 25. Qc2 Qd8 26. Bc1 Rxd1 27. Nxd1 Nxe4
28. Qxe4 Qxd1 29. Qxc6 Bd7 30. Qd5+ Qxd5 31. cxd5 Bc8 32. Be3 b5 33. Bb6 a4 34.
Bc7 Kf7 35. Kf1 Bb7 36. d6 Ke6 37. Nd2 Bd5 38. bxa4 bxa4 39. a3 Bxd6 40. Bxd6
Kxd6 41. Ke2 Kc5 42. Ke3 f5 43. f3 g5 44. h4 f4+ 45. gxf4 exf4+ 46. Kd3 gxh4 0-1

[Event "Asian Nations Cup w 2016"]
[Site "Abu Dhabi UAE"]
[Date "2016.04.05"]
[Round "9.3"]
[White "Batchimeg, Tuvshintugs"]
[Black "Al-Moaamari, Mozah"]
[Result "1-0"]
[WhiteTitle "IM"]
[WhiteElo "2395"]
[BlackElo "1607"]
[WhiteTeam "Mongolia"]
[BlackTeam "UAE - 2"]
[WhiteFideId "4900839"]
[BlackFideId "9307010"]
[EventDate "2016.03.28"]
[EventType "team"]

1. d4 d5 2. Nf3 Nf6 3. c4 c6 4. Nc3 e6 5. Bg5 Nbd7 6. cxd5 exd5 7. e3 Be7 8. Bd3
h6 9. Bf4 Nh5 10. O-O Nxf4 11. exf4 O-O 12. Bc2 Nf6 13. Ne5 Bd6 14. Qd3 h5 15.
Rfe1 c5 16. Nxd5 1-0

[Event "Asian Nations Cup w 2016"]
[Site "Abu Dhabi UAE"]
[Date "2016.04.05"]
[Round "9.4"]
[White "Bashaer, Khalil"]
[Black "Enkhtuul, Altan-Ulzii"]
[Result "0-1"]
[WhiteTitle "WCM"]
[BlackTitle "WGM"]
[WhiteElo "1549"]
[BlackElo "2209"]
[WhiteTeam "UAE - 2"]
[BlackTeam "Mongolia"]
[WhiteFideId "9304843"]
[BlackFideId "4901444"]
[EventDate "2016.03.28"]
[EventType "team"]

1. e4 Nf6 2. Nc3 d5 3. exd5 Nxd5 4. Nxd5 Qxd5 5. d4 Nc6 6. Nf3 Bg4 7. Be2 e6 8.
Be3 Be7 9. h3 Bh5 10. O-O O-O 11. c3 a6 12. Qd2 Rad8 13. Rfd1 Bf6 14. Bf4 Qd7
15. Nh2 Bxe2 16. Qxe2 Kh8 17. Qh5 g6 18. Qh6 Bg7 19. Qh4 Ne7 20. g4 Nd5 21. Bh6
f6 22. Bxg7+ Kxg7 23. Nf3 Nf4 24. g5 fxg5 25. Nxg5 h6 26. Ne4 Ne2+ 27. Kh2 Rf4 0-1

[Event "Asian Nations Cup w 2016"]
[Site "Abu Dhabi UAE"]
[Date "2016.04.05"]
[Round "9.1"]
[White "Muminova, Nafisa"]
[Black "Ranasinghe, S D"]
[Result "1/2-1/2"]
[WhiteTitle "WGM"]
[BlackTitle "WIM"]
[WhiteElo "2318"]
[BlackElo "1740"]
[WhiteTeam "Uzbekistan"]
[BlackTeam "Sri Lanka"]
[WhiteFideId "14201526"]
[BlackFideId "9902651"]
[EventDate "2016.03.28"]
[EventType "team"]

1. e4 c5 2. Nf3 Nc6 3. Bb5 g6 4. O-O Bg7 5. Re1 e5 6. Bxc6 dxc6 7. d3 Ne7 8. a4
O-O 9. h3 h6 10. Nbd2 Be6 11. b3 Qc7 12. Bb2 g5 13. Nf1 Ng6 14. Ne3 Rad8 15. Nf5
f6 16. Nd2 Ne7 17. Qf3 Qd7 18. g4 Ng6 19. a5 Rf7 20. Nf1 Nf4 21. N1e3 Bf8 22.
Ng2 Ng6 23. Kh2 Rh7 24. Rh1 h5 25. Kg1 hxg4 26. hxg4 Rxh1+ 27. Kxh1 Qh7+ 28. Kg1
Ne7 29. Nfe3 Kg7 30. Kf1 Ng6 31. Ke2 Be7 32. Nf5+ Kf7 33. Ba3 Rh8 34. Nxe7 Nxe7
35. Bxc5 Qh2 36. Qg3 Qxg3 37. fxg3 Bxg4+ 38. Kf2 a6 39. Rf1 Be6 40. Kg1 Rh3 41.
Kf2 Rh2 42. Kg1 Rh3 43. Kf2 Rh2 1/2-1/2

[Event "Asian Nations Cup w 2016"]
[Site "Abu Dhabi UAE"]
[Date "2016.04.05"]
[Round "9.2"]
[White "Udupitiya, U G S S S"]
[Black "Kurbonboeva, Sarvinoz"]
[Result "0-1"]
[BlackTitle "WIM"]
[WhiteElo "1709"]
[BlackElo "2172"]
[WhiteTeam "Sri Lanka"]
[BlackTeam "Uzbekistan"]
[WhiteFideId "9904921"]
[BlackFideId "14201780"]
[EventDate "2016.03.28"]
[EventType "team"]

1. e4 c5 2. Nf3 Nc6 3. d4 cxd4 4. Nxd4 g6 5. c4 Nf6 6. Nc3 d6 7. Be2 Nxd4 8.
Qxd4 Bg7 9. b3 O-O 10. Bb2 Qa5 11. Rc1 Bd7 12. Qd3 Bc6 13. Bf3 Nd7 14. O-O Ne5
15. Qe2 Nxf3+ 16. Qxf3 f5 17. Qe2 fxe4 18. Rc2 Qf5 19. Re1 e3 20. fxe3 Bh6 21.
e4 Qc5+ 22. Kh1 Rf7 23. Nd5 a5 24. Rd1 Raf8 25. h3 e5 26. Bc1 Rf2 27. Qd3 Rxc2
28. Qxc2 Rf2 29. Qd3 Bxc1 30. Rxc1 Qd4 31. Qxd4 exd4 32. Rd1 Rxa2 33. Rxd4 Kf7
34. Kh2 Ke6 35. Rd3 Ke5 36. Rf3 Rb2 37. Kg3 Kxe4 38. Nf6+ Kd4 39. Rf4+ Ke5 40.
Ng4+ Ke6 41. Kh4 Rxb3 42. g3 a4 43. Rf1 a3 44. Re1+ Kf7 45. Ra1 Rc3 46. c5 Rxc5 0-1

[Event "Asian Nations Cup w 2016"]
[Site "Abu Dhabi UAE"]
[Date "2016.04.05"]
[Round "9.3"]
[White "Gevorgyan, Irina"]
[Black "Wickramasinghe, Dilhara Ishini"]
[Result "1-0"]
[WhiteTitle "WIM"]
[BlackTitle "WFM"]
[WhiteElo "2281"]
[BlackElo "1757"]
[WhiteTeam "Uzbekistan"]
[BlackTeam "Sri Lanka"]
[WhiteFideId "14201437"]
[BlackFideId "9906738"]
[EventDate "2016.03.28"]
[EventType "team"]

1. Nf3 Nf6 2. c4 g6 3. g3 Bg7 4. d4 O-O 5. Bg2 d6 6. O-O Nc6 7. d5 Na5 8. Nfd2
c6 9. Nc3 Ng4 10. dxc6 Nxc6 11. h3 Nge5 12. f4 Nd7 13. e3 Nb6 14. Qe2 e5 15. Nb3
exf4 16. gxf4 Qh4 17. Kh2 g5 18. Bd2 g4 19. Be1 Qh6 20. Nd5 Nxd5 21. cxd5 Ne7
22. Bc3 Qh5 23. Rae1 Bxc3 24. bxc3 Nxd5 25. Bxd5 Qxd5 26. hxg4 Kh8 27. Rg1 Rg8
28. g5 Qf5 29. Rg3 f6 30. Qd2 h6 31. e4 Qg6 32. f5 Qf7 33. g6 Qg7 34. Rh3 Re8
35. Rxh6+ Kg8 36. Rh7 Qf8 37. Qd5+ 1-0

[Event "Asian Nations Cup w 2016"]
[Site "Abu Dhabi UAE"]
[Date "2016.04.05"]
[Round "9.4"]
[White "Mendis, Dasuni Hansika"]
[Black "Baymuratova, Sevara"]
[Result "1/2-1/2"]
[WhiteTitle "WCM"]
[BlackTitle "WIM"]
[WhiteElo "1739"]
[BlackElo "2156"]
[WhiteTeam "Sri Lanka"]
[BlackTeam "Uzbekistan"]
[WhiteFideId "9907696"]
[BlackFideId "14202182"]
[EventDate "2016.03.28"]
[EventType "team"]

1. d4 d5 2. c4 c6 3. e3 Nf6 4. Nf3 e6 5. Nbd2 Nbd7 6. b3 Bd6 7. Bd3 O-O 8. O-O
Qe7 9. e4 dxe4 10. Nxe4 Nxe4 11. Bxe4 f5 12. Bc2 e5 13. dxe5 Nxe5 14. Nd4 a6 15.
Bb2 c5 16. Nf3 Nxf3+ 17. Qxf3 Be6 18. Rfe1 Rae8 19. Rad1 Bb8 20. Qc3 Qf7 21. Re2
Bd7 22. Red2 Bc6 23. Qh3 Bf4 24. Rd3 Re2 25. Bc1 Qe6 26. Be3 Re8 27. Bb1 Bxe3
28. Rxe3 Rxe3 29. fxe3 g6 30. Kf2 Qe5 31. Re1 Qb2+ 32. Kf1 Rd8 33. Qg3 Rd2 34.
e4 f4 35. Qxf4 Rxg2 36. Qb8+ Kf7 37. Qc7+ Ke8 38. Qc8+ Ke7 39. Qc7+ Ke6 40. Qc8+
Kf7 41. Qc7+ Ke6 42. Qc8+ Ke5 43. Qc7+ Ke6 44. e5 1/2-1/2

[Event "Asian Nations Cup w 2016"]
[Site "Abu Dhabi UAE"]
[Date "2016.04.05"]
[Round "9.1"]
[White "Pham, Le Thao Nguyen"]
[Black "Saduakassova, Dinara"]
[Result "0-1"]
[WhiteTitle "IM"]
[BlackTitle "WGM"]
[WhiteElo "2335"]
[BlackElo "2411"]
[WhiteTeam "Vietnam"]
[BlackTeam "Kazakhstan"]
[WhiteFideId "12401226"]
[BlackFideId "13700090"]
[EventDate "2016.03.28"]
[EventType "team"]

1. e4 c5 2. Nf3 d6 3. d4 cxd4 4. Nxd4 Nf6 5. Nc3 a6 6. h3 e6 7. g4 h6 8. Bg2 Nc6
9. O-O Nxd4 10. Qxd4 e5 11. Qd3 Be7 12. Be3 O-O 13. Ne2 Be6 14. f4 Rc8 15. b3
exf4 16. Nxf4 Nd7 17. c4 Bf6 18. Qxd6 Bxa1 19. Nxe6 fxe6 20. Qxe6+ Kh8 21. Rxa1
Re8 22. Qf5 Ne5 23. Rf1 Qe7 24. Qh5 Rf8 25. g5 Rxf1+ 26. Bxf1 Kh7 27. gxh6 g6
28. Qe2 Rf8 29. Bg2 Qf6 30. Kh1 Nf3 31. Qf1 Qc3 32. Bc5 Qe5 33. Bxf3 Qxc5 34.
Qe2 Qe5 35. Kg2 Kxh6 36. Qd2+ Kg7 37. Qd5 Qb2+ 38. Kg3 Qf6 39. e5 Qg5+ 40. Kf2
Kh6 41. e6 Qh4+ 42. Kg2 Rd8 43. Qe5 Rd2+ 44. Be2 Qg5+ 45. Qxg5+ Kxg5 46. Kf3 Kf6
47. c5 Rxa2 48. Bc4 Ra5 49. Bd5 Rxc5 50. Bxb7 a5 51. Ke4 Kxe6 52. Kd4 Kd6 53.
Be4 g5 54. Bd3 Rc1 55. Be2 Rg1 56. Kc4 Rc1+ 57. Kd4 Rh1 58. Bg4 Rf1 59. Kd3 Kc5
60. Ke4 Kb4 61. Be6 Re1+ 62. Kf5 Rxe6 0-1

[Event "Asian Nations Cup w 2016"]
[Site "Abu Dhabi UAE"]
[Date "2016.04.05"]
[Round "9.2"]
[White "Abdumalik, Zhansaya"]
[Black "Nguyen, Thi Mai Hung"]
[Result "0-1"]
[WhiteTitle "WGM"]
[BlackTitle "WGM"]
[WhiteElo "2381"]
[BlackElo "2282"]
[WhiteTeam "Kazakhstan"]
[BlackTeam "Vietnam"]
[WhiteFideId "13703544"]
[BlackFideId "12401676"]
[EventDate "2016.03.28"]
[EventType "team"]

1. e4 c5 2. Nf3 g6 3. d4 cxd4 4. Nxd4 Nc6 5. c4 Nf6 6. Nc3 d6 7. Nc2 Bg7 8. Be2
a5 9. O-O O-O 10. Bd2 Nd7 11. Re1 Nc5 12. f3 Be6 13. Rb1 f5 14. exf5 Bxf5 15.
Nd5 Nd4 16. Nde3 Nxc2 17. Nxc2 Qd7 18. b3 Rf7 19. Bc1 Rc8 20. Bb2 e5 21. Qd2 d5
22. Rbd1 d4 23. Na3 h5 24. Qxa5 e4 25. Nb5 d3 26. Bxg7 Rxg7 27. fxe4 Bxe4 28.
Qc3 Rf7 29. Bf1 Rcf8 30. b4 Qg4 31. Rd2 Ne6 32. Nd6 Rxf1+ 33. Rxf1 Rxf1+ 34.
Kxf1 Qf4+ 35. Kg1 Qxd6 36. Qf6 Bf5 37. Qb2 Nd4 38. Rd1 Ne2+ 39. Kh1 Be4 40. Qd2
Qf6 41. Qe3 Qf5 42. h3 Nf4 43. Kg1 Nxg2 44. Qg3 Nf4 45. Kh2 Ne2 46. Qb8+ Kg7 47.
Qc7+ Kh6 0-1

[Event "Asian Nations Cup w 2016"]
[Site "Abu Dhabi UAE"]
[Date "2016.04.05"]
[Round "9.3"]
[White "Hoang, Thi Nhu Y"]
[Black "Davletbayeva, Madina"]
[Result "1/2-1/2"]
[WhiteTitle "WIM"]
[BlackTitle "WIM"]
[WhiteElo "2247"]
[BlackElo "2295"]
[WhiteTeam "Vietnam"]
[BlackTeam "Kazakhstan"]
[WhiteFideId "12401455"]
[BlackFideId "13703595"]
[EventDate "2016.03.28"]
[EventType "team"]

1. Nf3 Nf6 2. g3 e6 3. Bg2 d5 4. O-O Be7 5. c4 O-O 6. d4 dxc4 7. Ne5 Nc6 8. Nxc6
bxc6 9. Na3 Bxa3 10. bxa3 Rb8 11. Qa4 Qxd4 12. Be3 Qe5 13. Qxc4 Qa5 14. Qc5 Rb5
15. Qxa7 Qxa7 16. Bxa7 Ra5 17. Bd4 Ba6 18. Rfc1 Rd8 19. e3 Nd5 20. Bc5 Bb5 21.
Rab1 h6 22. Rb2 Raa8 23. h4 Kh7 24. Bf3 Nb6 25. Bxb6 cxb6 26. Bxc6 Bxc6 27. Rxc6
Rxa3 28. Rcxb6 Rda8 29. Rb7 Kg6 30. Rc7 Rxa2 31. Rbb7 Rf8 32. Kg2 h5 33. Kf3 Kf6
34. Rc5 g6 35. Rc6 Rd8 36. Rcc7 Rf8 37. Rb4 Kg7 38. Rb6 Kf6 39. Rbb7 Ra5 40. Rc4
Ra2 41. Rf4+ Kg7 42. Rc7 Rb2 43. Ra4 Kf6 44. Ra6 Rb5 45. e4 Rb3+ 46. Kg2 Rb4 47.
Kf3 Rb3+ 48. Kg2 Rb4 49. Kf3 Rb3+ 1/2-1/2

[Event "Asian Nations Cup w 2016"]
[Site "Abu Dhabi UAE"]
[Date "2016.04.05"]
[Round "9.4"]
[White "Dauletova, Gulmira"]
[Black "Nguyen, Thi Thanh An"]
[Result "1/2-1/2"]
[WhiteTitle "WIM"]
[BlackTitle "WGM"]
[WhiteElo "2269"]
[BlackElo "2239"]
[WhiteTeam "Kazakhstan"]
[BlackTeam "Vietnam"]
[WhiteFideId "13702971"]
[BlackFideId "12400300"]
[EventDate "2016.03.28"]
[EventType "team"]

1. e4 c5 2. Nf3 d6 3. Bb5+ Bd7 4. Bxd7+ Qxd7 5. O-O Nf6 6. Qe2 Nc6 7. c3 e6 8.
d4 cxd4 9. cxd4 d5 10. e5 Ne4 11. Be3 Be7 12. Ne1 f6 13. f3 Ng5 14. Nd3 fxe5 15.
dxe5 O-O 16. Nd2 b6 17. Bf2 Nb4 18. Nxb4 Bxb4 19. Nb3 Rac8 20. Nd4 Bc5 21. b3
Nf7 22. f4 Nh6 23. g3 Bxd4 24. Bxd4 Nf5 25. Rad1 Qe7 26. Bf2 Rc6 27. g4 Nh6 28.
Bg3 Qc5+ 29. Kh1 Qc2 30. Rd2 Qg6 31. h3 Rc3 32. Kh2 Rfc8 33. Rf2 Qb1 34. Rf1 Rc1
35. Rxc1 Rxc1 36. Qg2 Qg6 37. Qe2 Qb1 38. Qg2 Qg6 39. Qe2 Qb1 40. Bf2 Nf7 41.
Rb2 Qg6 42. f5 exf5 43. e6 Nh6 44. g5 Rc6 45. gxh6 Rxe6 46. Qd3 Qxh6 47. Qxf5
Qf6 48. Qxd5 Kf8 49. Rd2 Qe5+ 50. Qxe5 Rxe5 51. Bd4 Re4 52. Bc3 g6 53. Kg2 Ke7
54. Kf3 Rh4 55. Kg3 Re4 56. Kf3 Rh4 57. Re2+ Kd7 58. Kg3 Rh5 59. Bb4 a5 60. Ba3
b5 61. Re7+ Kc6 62. Re6+ Kb7 63. Bf8 Rg5+ 64. Kh4 Rf5 65. Bg7 Rf2 66. a4 bxa4
67. bxa4 Rf4+ 68. Kg3 Rxa4 69. Bh8 Rc4 70. Be5 Rc5 71. Re7+ Ka6 72. Kf4 Rc4+ 73.
Kg5 h6+ 74. Kxg6 Rh4 75. Bc3 Rxh3 76. Re6+ Kb5 77. Re5+ Kc4 78. Bxa5 h5 79. Be1
Kd4 80. Re7 Kd5 81. Kg5 Rh1 82. Bh4 Kd6 83. Re2 Kd7 84. Kxh5 Kd6 85. Kg4 Rf1 86.
Bg3+ Kd7 87. Bf4 Rb1 88. Kf5 Rb5+ 89. Be5 Rb6 90. Rc2 Rc6 91. Rd2+ Ke7 92. Rh2
Ra6 93. Rh7+ Ke8 94. Bf6 Rd6 95. Kg6 Re6 96. Kf5 Rd6 97. Ke5 Rd7 98. Rh1 Kf7 99.
Rg1 Ke8 100. Ke6 Re7+ 101. Kd6 Rd7+ 102. Ke5 Kf7 103. Kf5 Rd5+ 104. Be5 Rd7 105.
Rg7+ Ke8 106. Rg8+ Kf7 107. Rh8 Re7 108. Bf6 Rd7 109. Rh1 Rd5+ 110. Be5 Rd7 111.
Rh2 Ke8 112. Bf6 Kf7 113. Rh7+ Ke8 114. Rh3 Kf7 115. Rg3 Ke8 116. Re3+ Kf7 117.
Re2 Rd5+ 118. Be5 Rd7 119. Rg2 Ke8 120. Ra2 Kf7 121. Ra6 Rb7 122. Rh6 Rd7 123.
Rf6+ Ke7 124. Rh6 Kf7 125. Bd6 Kg7 126. Kg5 Kg8 127. Kf5 Kg7 128. Rg6+ Kf7 129.
Rf6+ Kg7 130. Kg5 Kg8 131. Rh6 Kf7 132. Rg6 Ke8 133. Rh6 Kf7 134. Kf5 Kg7 135.
Rg6+ Kf7 136. Re6 Kg7 137. Be5+ Kf7 138. Rg6 Ke8 139. Bf6 Kf7 140. Rg7+ Ke8 141.
Rg8+ Kf7 142. Ra8 Rd5+ 143. Be5 Rd7 144. Rh8 Re7 145. Bd6 Rd7 146. Ke5 Kg7 147.
Rh2 Rf7 148. Rg2+ Kh6 149. Ke6 Rf3 150. Be7 Kh5 151. Kd5 1/2-1/2